Hacia una educación global desde la transversalidad
Na minha lista:
| Autor principal: | |
|---|---|
| Formato: | Livro |
| Idioma: | espanhol |
| Publicado em: |
Madrid
Grupo Anaya
1997
|
| coleção: | Hacer Reforma
|
| Assuntos: | |
| Tags: |
Adicionar Tag
Sem tags, seja o primeiro a adicionar uma tag!
|
MARC
| LEADER | 00000nam a2200000 a 4500 | ||
|---|---|---|---|
| 001 | UCQ1403 | ||
| 003 | CL-VaPUC | ||
| 008 | 980710e19970000SP |||||||||||||||||spa|d | ||
| 082 | 0 | 4 | |a 370.114 |b YUS |2 21 |
| 100 | 0 | |a Yus Ramos, Rafael |e author |9 415182 | |
| 245 | 1 | 0 | |a Hacia una educación global desde la transversalidad |
| 300 | |a 317 p | ||
| 942 | |c BK | ||
| 945 | |d 19980710 00:00:00 |a aalvarez | ||
| 260 | |a Madrid |b Grupo Anaya |c 1997 | ||
| 650 | 0 | |a Filosofía de la educación |9 258384 | |
| 650 | 7 | |a PARADIGMA |2 CL-VaPUC |9 335303 | |
| 650 | 0 | |a Globalización |9 361930 | |
| 650 | 0 | |a Reforma educacional |9 256319 | |
| 650 | 0 | |a Sociología de la educación |9 260380 | |
| 583 | |a last modification |c 19980710 00:00:00 |k Rodrigo Vera | ||
| 490 | 0 | |a Hacer Reforma | |
| 999 | |c 272401 |d 272399 | ||
| 952 | |0 0 |1 0 |4 0 |6 370_114000000000000_YUS_1997 |7 0 |8 A |9 307320 |a BIBEDU |b BIBEDU |d 2019-11-20 |i 3338002 |o 370.114 YUS 1997 |p 3338002 |r 2019-11-20 |w 2019-11-20 |y BK |k EPE | ||
| 952 | |0 0 |1 0 |4 0 |6 370_114000000000000_YUS_1997 |7 0 |8 A |9 307321 |a BIBEDU |b BIBEDU |d 2019-11-20 |i 3440524 |o 370.114 YUS 1997 |p 3440524 |r 2019-11-20 |w 2019-11-20 |y BK |k BME | ||
| 952 | |0 0 |1 0 |4 0 |6 370_114000000000000_YUS_1997 |7 0 |8 A |9 307322 |a BIBEDU |b BIBEDU |d 2019-11-20 |i 3479064 |o 370.114 YUS 1997 |p 3479064 |r 2019-11-20 |w 2019-11-20 |y BK |k BME | ||